| 000 | 00335nam a22001217a 4500 | ||
|---|---|---|---|
| 008 | 130102s2001 xxu||||| ||h| 00| 0 eng d | ||
| 082 |
_b782.28 _2KAZ _a22 |
||
| 245 |
_aDrafts and Drifts / _cMohamed Kazem. |
||
| 300 |
_a1 sound disc ; _bdigital ; _c4 3/4 in. |
||
| 653 | _bGeneral | ||
| 655 |
_aMusic _931754 |
||
| 942 |
_2ddc _cCDR _k782.28 KAZ |
||
| 999 |
_c17148 _d17120 |
||